Bank Debt in Europe : 'Are Funding Models Broken' /

The crisis in Europe has underscored the vulnerability of European bank funding models compared to international peers. This paper studies the drivers behind this fragility and examines the future of bank funding, primarily wholesale, in Europe. We argue that cyclical and structural factors have alt...

Celý popis

Podrobná bibliografie
Hlavní autor: Le Lesle, Vanessa
Médium: Časopis
Jazyk:English
Vydáno: Washington, D.C. : International Monetary Fund, 2012.
Edice:IMF Working Papers; Working Paper ; No. 2012/299
On-line přístup:Full text available on IMF
LEADER 01604cas a2200241 a 4500
001 AALejournalIMF013252
008 230101c9999 xx r poo 0 0eng d
020 |c 5.00 USD 
020 |z 9781475522037 
022 |a 1018-5941 
040 |a BD-DhAAL  |c BD-DhAAL 
100 1 |a Le Lesle, Vanessa. 
245 1 0 |a Bank Debt in Europe :   |b 'Are Funding Models Broken' /  |c Vanessa Le Lesle. 
264 1 |a Washington, D.C. :  |b International Monetary Fund,  |c 2012. 
300 |a 1 online resource (40 pages) 
490 1 |a IMF Working Papers 
500 |a <strong>Off-Campus Access:</strong> No User ID or Password Required 
500 |a <strong>On-Campus Access:</strong> No User ID or Password Required 
506 |a Electronic access restricted to authorized BRAC University faculty, staff and students 
520 3 |a The crisis in Europe has underscored the vulnerability of European bank funding models compared to international peers. This paper studies the drivers behind this fragility and examines the future of bank funding, primarily wholesale, in Europe. We argue that cyclical and structural factors have altered the structure, cost, and composition of funding for European banks. The paper discusses the consequences of shifting funding patterns and investor preferences and presents possible policy options and bank actions to enhance European bank funding models' robustness. 
538 |a Mode of access: Internet 
830 0 |a IMF Working Papers; Working Paper ;  |v No. 2012/299 
856 4 0 |z Full text available on IMF  |u http://elibrary.imf.org/view/journals/001/2012/299/001.2012.issue-299-en.xml  |z IMF e-Library